Name All Countries Containing The Letter G - Statistics

General Stats
  • This quiz has been taken 201 times
  • The average score is 37 of 45
Answer Stats
Starting Letter Country % Correct
G Germany
94%
P Paraguay
90%
U Uruguay
90%
G Guinea
89%
H Hungary
89%
A Angola
88%
G Guatemala
88%
N Niger
88%
N Nigeria
88%
A Algeria
87%
A Argentina
87%
B Belgium
86%
G Greece
86%
G Ghana
85%
G Guinea-Bissau
85%
G Guyana
85%
G The Gambia
85%
U Uganda
85%
T Togo
84%
A Afghanistan
83%
G Gabon
83%
E Equatorial Guinea
82%
K Kyrgyzstan
82%
P Papua New Guinea
82%
P Portugal
82%
U United Kingdom
82%
B Bulgaria
81%
D Democratic Republic of the Congo
81%
G Georgia
81%
R Republic of the Congo
81%
A Antigua and Barbuda
80%
G Grenada
80%
T Tonga
79%
E Egypt
78%
L Luxembourg
78%
M Madagascar
78%
N Nicaragua
77%
M Mongolia
76%
S Senegal
76%
B Bangladesh
75%
T Trinidad and Tobago
75%
S Singapore
73%
B Bosnia and Herzegovina
70%
S Saint Vincent and the Grenadines
69%
M Montenegro
66%
No matching quizzes found
Score Distribution
Percent of People with Each Score
Percentile by Number Answered
Your Score History
You have not taken this quiz